| 000 | 00917nam a2200277 a 4500 | ||
|---|---|---|---|
| 001 | 34695 | ||
| 003 | BD-RjUL | ||
| 005 | 20211209052210.0 | ||
| 008 | 140518s1977 nyu b 000 0 eng | ||
| 020 | _a0123330505 | ||
| 035 | _a(BD-RjUL)34789 | ||
| 040 |
_aLC _beng _cLC _dNSL:R _dBD-RjUL |
||
| 041 | _aeng | ||
| 082 | 0 | 4 |
_a305.440440973 _bHAP 1977 |
| 100 | 1 |
_aHauser, Robert Mason. _9105565 |
|
| 245 | 1 | 4 |
_aThe process of stratification : _btrends and analyses / _cRobert M. Hauser, David L. Featherman. |
| 260 |
_aNew York : _bAcademic Press, _cc1977. |
||
| 300 |
_axxviii, 372 p. ; _c24 cm. |
||
| 504 | _aBibliography: p. 349-361.and index. | ||
| 650 | 0 |
_aSocial mobility _zUnited States. _9105567 |
|
| 650 | 0 |
_aOccupational mobility _zUnited States. _9105568 |
|
| 700 | 1 |
_aFeatherman, David L, _ejoint author. _9105569 |
|
| 942 |
_2ddc _cBK |
||
| 999 |
_c34695 _d34695 |
||